00637 2200241 4500001002100000005001700021008004100038035002400079082001100103090001800114100002000132245004700152250001100199260004200210300002500252500002600277650002600303850001500329980001500344985000600359999001500365999001500380YOGYA-0209000003530720090227025008.0 ind  0010-020900000035307 a658.64 a658.64bWaw M aWaworuntu, Tony aManajemen untuk sekretariscTony Waworuntu aCet. 1 aJakartabGramedia Pustaka Utamac1992 axiii, 123 hlmc24 cm aBibliografi :hlm. 121 aSekretarisxManajemen aYOPDYOG(b) a20-09-2006 a2 a93P0045598 a93P0045599